Fundamentos de Neuropsicología humana / (Record no. 86899)

MARC details
000 -LEADER
campo de control de longitud fija 00783nam a2200229 i 4500
001 - NÚMERO DE CONTROL
campo de control 86899
003 - IDENTIFICADOR DE NÚMERO DE CONTROL
campo de control ES-MaACL
007 - CAMPO FIJO DE DESCRIPCIÓN FÍSICA--INFORMACIÓN GENERAL
campo de control de longitud fija t|
008 - DATOS DE LONGITUD FIJA--INFORMACIÓN GENERAL
campo de control de longitud fija 041216s1986 sp ||||1| spa d
020 ## - NÚMERO INTERNACIONAL ESTÁNDAR DEL LIBRO
Número Internacional Estándar del Libro 84-335-5219-8
100 1# - ENTRADA PRINCIPAL--NOMBRE DE PERSONA
Nombre de persona Kolb, Bryan.
9 (RLIN) 68509
245 10 - MENCIÓN DEL TÍTULO
Título Fundamentos de Neuropsicología humana /
Mención de responsabilidad, etc. Bryan Kolb y Ian Q. Whishaw ; versión española por Silvia Dauder Torruella y José Planas Vilarnau ; revisada por José Planas Mestres.
260 ## - PUBLICACIÓN, DISTRIBUCIÓN, ETC.
Lugar de publicación, distribución, etc. Barcelona :
Nombre del editor, distribuidor, etc. Labor,
Fecha de publicación, distribución, etc. 1986.
300 ## - DESCRIPCIÓN FÍSICA
Extensión 751 p. :
Otras características físicas il. ;
Dimensiones 26 cm.
500 ## - NOTA GENERAL
Nota general Indice.
504 ## - NOTA DE BIBLIOGRAFÍA, ETC.
Nota de bibliografía, etc. Bibliografía.
700 1# - ENTRADA AGREGADA--NOMBRE PERSONAL
Nombre de persona Whishaw, Ian Q.
9 (RLIN) 116638
700 1# - ENTRADA AGREGADA--NOMBRE PERSONAL
Nombre de persona Dauder Torruella, Silvia.
9 (RLIN) 42798
700 1# - ENTRADA AGREGADA--NOMBRE PERSONAL
Nombre de persona Planas Vilarnau, José.
9 (RLIN) 92534
700 1# - ENTRADA AGREGADA--NOMBRE PERSONAL
Nombre de persona Planas Mestres, José.
9 (RLIN) 92529
852 ## - LOCALIZACIÓN
Ubicación ES-MaACL
Número de control de estantería G-13329
Holdings
Estatus retirado Estado de pérdida Estado de daño No para préstamo Biblioteca de origen Biblioteca actual Ubicación en estantería Fecha de adquisición Fuente de adquisición Total de préstamos Signatura topográfica completa Código de barras Visto por última vez Precio de reemplazo Tipo de ítem Koha
        Biblioteca del Ateneo de Madrid Biblioteca del Ateneo de Madrid Sala Pecera Planta 3 17/01/2008     G-13329 1090796 23/02/2023 23/02/2023 Libro impreso